Online Catalogue and eLibrary

Enforcing human rights : (Record no. 559)

MARC details
000 -LEADER
fixed length control field 00608cam a2200205 a 4500
001 - CONTROL NUMBER
control field 13628392
005 - DATE AND TIME OF LATEST TRANSACTION
control field 20240307055546.0
008 - FIXED-LENGTH DATA ELEMENTS--GENERAL INFORMATION
fixed length control field 040403s2003 ce b 100 0 eng
020 ## - INTERNATIONAL STANDARD BOOK NUMBER
ISBN 9555800863
040 ## - CATALOGING SOURCE (பட்டியலாக்க மூலம்)
Original cataloging agency DLC
Transcribing agency DLC
082 ## - DDC Classification
DDC Edition Number 22
Class No. 323.4.
Item Number - Author Mark ENF.
245 00 - TITLE STATEMENT
Title Enforcing human rights :
Remainder of title towards an egalitarian Sri Lanka /
Statement of responsibility, etc. S. Ratnajeevan H. Hoole.
260 ## - PUBLICATION, DISTRIBUTION, ETC.
Place of publication, distribution, etc. Colombo :
Name of publisher, distributor, etc. International Centre for Ethnic Studies,
Date of publication, distribution, etc. 2003.
300 ## - PHYSICAL DESCRIPTION
Extent (e.g. Volumes, Pages etc.) vi, 119 p. ;
650 #0 - SUBJECT ADDED ENTRY--TOPICAL TERM
Topical term or geographic name entry element Human rights
650 #0 - SUBJECT ADDED ENTRY--TOPICAL TERM
Topical term or geographic name entry element Whistle blowing
650 #0 - SUBJECT ADDED ENTRY--TOPICAL TERM
Topical term or geographic name entry element Administrative law
700 1# - ADDED ENTRY--PERSONAL NAME
Personal name Hoole, S. Ratnajeevan H.
Relator term (Role) Editor
942 ## - Koha item type (Biblio)
Koha item type Books in Stacks (Lending)
Holdings
Lost status Damaged status Collection code Home library Current library Date acquired Full call number Accession Number Item type
    Lending WERC Library WERC Library 03/07/2024 323.4. ENF. 6586 Books in Stacks (Lending)

© WERC Library